000 00562nam a2200181 i 4500
001 64696
003 ES-MaACL
005 20240502063040.0
007 t|
008 040105s1966 sp ||||1| cat d
100 1 _aFormosa, Feliu,
_d1934-
_951759
245 1 0 _aA la paret
_b: escrit amb guix : poèsia alemanya de combat /
_cFeliu Formosa, Artur Quintana.
260 _a[Barcelona :
_bAymá],
_c1966.
300 _a130 p., 1 lám. ;
_c18 cm.
700 1 _aQuintana, Artur.
_994655
852 _aES-MaACL
_jC-31356
_bR.61807
999 _c64696
_d64696